Vodné elektrárne /
Salvato in:
| Autore principale: | |
|---|---|
| Natura: | Libro |
| Lingua: | slovacco |
| Pubblicazione: |
Trenčín :
Repros studio,
1992
|
| Edizione: | 1. vydanie |
| Tags: |
Nessun Tag, puoi essere il primo ad aggiungerne!!
|
MARC
| LEADER | 00000nam a22000003a 4500 | ||
|---|---|---|---|
| 001 | 0110148 | ||
| 003 | SK-STU | ||
| 005 | 20240620111149.8 | ||
| 007 | ta | ||
| 008 | 240620s ----xo-----e------000-0-----d | ||
| 020 | |a 80-900441-8-2 | ||
| 040 | |a STU |b slo | ||
| 041 | 0 | |a slo | |
| 044 | |a xo | ||
| 080 | |a 621.31 | ||
| 100 | 1 | |a Huňačka, Jozef |4 aut |r Z5 | |
| 245 | 1 | 0 | |a Vodné elektrárne / |c aut. Jozef Huňačka |
| 250 | |a 1. vydanie | ||
| 260 | |a Trenčín : |b Repros studio, |c 1992 | ||
| 300 | |a 89 s. | ||
| 996 | |b 284EK90695 |c E* 90695 |l EE01 |s A |a 24 |w 0110148_0001 | ||
| 996 | |b 284EK90967 |c E* 90967 |l EE0101 |s P |a 0 |w 0110148_0002 | ||